| 000 | 00847nam a2200205Ia 4500 | ||
|---|---|---|---|
| 001 | 752 | ||
| 003 | GE_BSU | ||
| 008 | 181216s||||||||xx |||||||||||||| ||und|| | ||
| 040 | _cGE_BSU | ||
| 080 | _a004.7(075.8) | ||
| 100 | _aბერიძე,ჯ;ბურკაძე,ტ.;ბურკაძე,ა. | ||
| 245 | _aმართვა და მარშრუტიზაცია კომპიუტერულ ქსელებში | ||
| 245 | _bსახელმძღვანელო ტელეკომუნიკაციის სპეციალ. სტუდ–ს | ||
| 260 | _aთბილისი | ||
| 260 | _c2009 | ||
| 300 | _a101გვ. | ||
| 541 | _h8ლ. | ||
| 653 | _aმართვა და მარშრუტიზაცია კომპიუტერულ ქსელებში | ||
| 942 | _cBK | ||
| 999 |
_c34924 _d34924 |
||